D4DJ 楽曲 - Statistics

General Stats
  • This quiz has been taken 17 times
    5 since last reset
  • The average score is 103 of 211
Answer Stats
アーティスト名 楽曲名 % Correct
Happy Around! ラフ・ダイヤ・マジック
100%
Peaky P-key 電乱★カウントダウン
100%
Peaky P-key 響乱☆カウントダウン
100%
燐舞曲 カレンデュラ
100%
Lyrical Lily 汚れっちまった悲しみの色
100%
Lyrical Lily 吾輩よ猫であれ
100%
UniChØrd ハジマリビート
100%
UniChØrd 空想リーパー
100%
Happy Around! ぎぶみーAwesome!!!!
100%
Merm4id BOOM-BOOM SHAKE!
100%
Happy Around! Dig Delight!
100%
Happy Around! Direct Drive!
100%
UniChØrd DJ NANMO WAKARAN
100%
Happy Around! ぐるぐる DJ TURN!!
100%
Merm4id Floor Killer
100%
Merm4id HOLY WORRY
100%
Lyrical Lily Journey to the West
100%
Peaky P-key Let's do the 'Big-Bang!'
100%
D4DJ ALL STARS LOVE!HUG!GROOVY!!
100%
Lyrical Lily Maihime
100%
Merm4id MAX!!!!
100%
燐舞曲 瞬動-movement-
100%
Photon Maiden Photon Melodies
100%
Happy Around! パノラマリウム
50%
Happy Around! シンガロング、プリーズ!
50%
Happy Around! アトモスフィアラウンド
50%
Happy Around! 仲良しのシリウス
50%
Peaky P-key 強想シュプリーム
50%
Peaky P-key 響奏メリーゴーランド
50%
Peaky P-key 咲ケ、舞踊無双
50%
Photon Maiden
50%
Photon Maiden
50%
Photon Maiden チョコレイト・プロジェクト
50%
燐舞曲 ニルヴァナ
50%
燐舞曲 クライノイド
50%
燐舞曲 群青のフローセカ
50%
燐舞曲 夜想曲
50%
燐舞曲 神蕾-シン・ライ-
50%
燐舞曲 「花の手錠と魔物の箱庭」
50%
燐舞曲 雨音
50%
燐舞曲 ラストソング
50%
Lyrical Lily プティプランス
50%
Lyrical Lily 銀河鉄道の夜に
50%
Lyrical Lily 人間合格!!!!
50%
Lyrical Lily 冒険王!
50%
Lyrical Lily ねむり姫
50%
Lyrical Lily 千リ一リ物語
50%
Lyrical Lily 夏休み
50%
Lyrical Lily サーカスへようこそ
50%
Lyrical Lily 春とショコラ
50%
Lyrical Lily わんわんとチョコレイト工場
50%
Lyrical Lily 注文の多い文化祭
50%
Lyrical Lily 夏ニモマケズ!
50%
UniChØrd クリカエステップ
50%
UniChØrd ピコピコ音頭
50%
UniChØrd 新春エントロピー
50%
UniChØrd トーキョーオタクデート
50%
UniChØrd バズゾンビ
50%
Abyssmare バイララバイ
50%
A Bad Cynic Doggo カテカンオーライ☆
50%
D4DJ ALL STARS ぷっちみくパーチナィ!
50%
きゅーとぴあ♡ キミの♡(らぶ)
50%
Haya-Coco 孤月
50%
Merm4id, 燐舞曲 天使と悪魔
50%
Photon Maiden, Lyrical Lily 妙なる星と
50%
Photon Maiden, 燐舞曲 灰燼のアシェンプテル
50%
Happy Around!, UniChØrd バイタルサイン
50%
Merm4id, Lyrical Lily メタモルフォーゼ
50%
Photon Maiden 24
50%
Photon Maiden 4 many colors
50%
Happy Around! 4 PIECES OF CAKE
50%
Merm4id 4U
50%
Peaky P-key ABSOLUTE
50%
燐舞曲 ARCANA
50%
Abyssmare ARK
50%
愛本りんく (CV: 西尾夕香),山手響子 (CV: 愛美), 出雲咲姫 (CV: 紡木吏佐), 瀬戸リカ (CV: 平嶋夏海), 青柳椿 (CV: 加藤里保菜), 桜田美夢 (CV: 反田葉月) Around and Around
50%
Abyssmare AXIS the world
50%
Photon Maiden Begin Again
50%
Photon Maiden Be with the world
50%
燐舞曲 BLACK LOTUS
50%
燐舞曲 Bloody Mary
50%
燐舞曲 「Blooming rose in the other world」
50%
Happy Around! Brand New World
50%
A Bad Cynic Doggo buzzよりbite you
50%
燐舞曲 Celsius
50%
Doki Dokiss Choose me Choose love
50%
Photon Maiden Collector
50%
Happy Around! Cosmic CoaSTAR
50%
Merm4id CUT OUT
50%
UniChØrd, Abyssmare CYBERPUNK
50%
Peaky P-key Deja Boon
50%
愛本りんく (CV: 西尾夕香), 山手響子 (CV: 愛美), 出雲咲姫 (CV: 紡木吏佐), 瀬戸リカ (CV: 平嶋夏海), 青柳椿 (CV: 加藤里保菜), 桜田美夢 (CV: 反田葉月) Delightful Party
50%
Happy Around! にょちおがやってくる☆ヤァ☆ヤァ☆ヤァ☆
50%
Happy Around! アバンチューールなサマーデーーイズ
50%
Happy Around!, Lyrical Lily 世界の夜明けと半熟ワンダーランド
50%
Merm4id D.M.F
50%
Doki Dokiss Doki Dokiss
50%
Lynx Eyes Do the Dive
50%
Happy Around! ハピアラブレード講座DX〜初級編〜
50%
Peaky P-key, Photon Maiden Eight Tones
50%
Merm4id, 燐舞曲 FAKE OFF
50%
Happy Around! Feelin' Good-Day!!
50%
Happy Around! はぁ~い☆FORTUNE!
50%
Photon Maiden FriendShip
50%
Photon Maiden G.A.M.E.
50%
Abyssmare Get into the Abyssmare
50%
A Bad Cynic Doggo Get on the top
50%
Merm4id GIVE Attention
50%
Merm4id G.O.A.T
50%
Happy Around! ひらけ!GO MY WAY★
50%
Peaky P-key Gonna be right
50%
Peaky P-key hanamuke
50%
Happy Around! HAPPIEST☆DREAM
50%
Happy Around! Happy Around Days
50%
Happy Around! Happy Countdown!!
50%
Happy Around! Happy Music♪
50%
Lyrical Lily Happy Prince
50%
Photon Maiden Here's the light
50%
Happy Around! Hey! Be Ambitious!
50%
Merm4id High tension BPM
50%
Happy Around! HONEST-happy a word-
50%
燐舞曲 Horizontal Oath
50%
Abyssmare I AM THE BEST
50%
Call of Artemis I don't wanna lose!
50%
Photon Maiden In Colors Anew
50%
Peaky P-key 真夏のInstant
50%
Photon Maiden Into the storm
50%
Abyssmare JUNKBOX
50%
Lyrical Lily 君たちはKawaiku生きるか
50%
Peaky P-key Keep it up
50%
燐舞曲 昊天 -koten-
50%
Peaky P-key Let's do it!
50%
Peaky P-key Let us sing "Peaky!!"
50%
Photon Maiden Linked Ring
50%
Merm4id Live Life
50%
Happy Around! Look at me♡
50%
Merm4id lovely!!!!
50%
Lyrical Lily Lyrical Tea Party!
50%
Merm4id Make some noise!
50%
Happy Around! Merry-Go-Around!♡
50%
Photon Maiden Meteor
50%
Photon Maiden Mirror
50%
Peaky P-key 無敵☆moment
50%
Peaky P-key Never lose
50%
Merm4id NO-NO
50%
Abyssmare Now or Never
50%
Peaky P-key, Abyssmare NUMBER 1 and ONLY!!!!
50%
Merm4id OMG
50%
Photon Maiden OVERCOME
50%
UniChØrd Øver the Universe
50%
Peaky P-key OVERWHELM!
50%
Happy Around!, Peaky P-key Peaky Around!!
50%
Peaky P-key PEAKY FORCE
50%
Peaky P-key 最頂点Peaky&Peaky!!
50%
Photon Maiden Photon Tale
50%
燐舞曲 prayer[s]
50%
Abyssmare Raindrops
50%
燐舞曲 [Re] termination
50%
燐舞曲 ReTINA
50%
Merm4id round and round
50%
Lyrical Lily Snow Black
50%
Merm4id START
50%
Merm4id S.T.O.P.!
50%
Peaky P-key Stormy link
50%
Abyssmare STORY
50%
Happy Around! Summer Wonder
50%
Happy Around!, Peaky P-key, Photon Maiden, Merm4id, 燐舞曲, Lyrical Lily, UniChØrd SUPERSTAR
50%
UniChØrd Synchronicity
50%
Abyssmare Take Me On
50%
Happy Around! TRANCE TOURS
50%
燐舞曲 夢想曲 -Träumerei-
50%
Peaky P-key Ultimate Vista
50%
Merm4id, 燐舞曲 Vs or vS
50%
Peaky P-key We are COMPLETE!
50%
Photon Maiden "What" are you?
50%
愛本りんく (CV: 西尾夕香), 山手響子 (CV: 愛美) White Macaron
50%
Lyrical Lily White Margaret
50%
Peaky P-key WHITE moment
50%
Abyssmare WINNER
50%
Merm4id WIN-WIN
50%
Peaky P-key Wish You Luck
50%
燐舞曲 -World Etude-
50%
Happy Around! 君にハピあれ♪
0%
Happy Around! ふるふる♡ハートふる
0%
Happy Around! モアドキッ
0%
Happy Around! カレーライスが大好き♡
0%
Lyrical Lily 月に萌える
0%
Lyrical Lily ライム畑でつかまえて
0%
Lyrical Lily 真夏の朝の夢
0%
Lyrical Lily いたずら白書
0%
Photon Maiden 4 Challenges
0%
Lynx Eyes #ALL FRIENDS
0%
Photon Maiden A lot of life
0%
Happy Around! ハピフルカラフルdays☆ミ
0%
Photon Maiden Discover Universe
0%
Merm4id ENDLESS MEMORIES
0%
Peaky P-key Ideal Factor
0%
Lyrical Lily IFの踊子
0%
Merm4id ING
0%
Merm4id I will never die
0%
Merm4id LOVE BITE
0%
Lyrical Lily Magiの贈り物
0%
Happy Around! Make My Style
0%
Peaky P-key One's Believing
0%
Merm4id Princess advent
0%
UniChØrd Refactoring UtØpia
0%
Happy Around! SHUFFLE HEART BEAT
0%
UniChØrd TSUTAE♡TALK
0%
Photon Maiden We never stop
0%
Photon Maiden Wonder Wonder Trip
0%
Lyrical Lily 夢十Yah!
0%
No matching quizzes found
Score Distribution
Percent of People with Each Score
Percentile by Number Answered
Your Score History
You have not taken this quiz since the last reset